LEADER 01066nem0-2200337---450 001 990009560610403321 005 20170519090244.0 035 $a000956061 035 $aFED01000956061 035 $a(Aleph)000956061FED01 035 $a000956061 100 $a20120423d1931----km-y0itay50------ba 101 0 $aita 102 $aIT 120 $aa--------bl-- 121 $aaa-aab--b$b-------- 123 1 $aa$b1:10000$do0043744$fn0455544$gn0455419 200 1 $aGhiacciaio del Lys$bDocumento cartografico$erilievo stereofotogrammetrico eseguito nell'agosto 1925 206 $a1:10000 (O4°37'44/N45°55'44''-N45°54'19'') 210 $aRoma$cs.n.$d1931 215 $a1 carta$cripieg.$d85 x 72 cm ripieg. in 24 x 17 cm 300 $aAlleg.: Bollettino del Comitato Glaciologico italiano, 11, 1931 610 0 $aAlpi$aCarte 610 0 $aGhiacciai$aCarte 801 0$aIT$bUNINA$gRICA$2UNIMARC 901 $aMP 912 $a990009560610403321 952 $aMP UB Tem. 022$bNBG$fILFGE 959 $aILFGE 996 $aGhiacciaio del Lys$9847198 997 $aUNINA